Countries of the World Quiz Exact Spelling - Statistics

General Stats
  • This quiz has been taken 49 times
  • The average score is 101 of 196
Answers on the Map
Answers color-coded by a green-red scale on the quiz's map according to % correct below.
 
Answer Stats
Country % Correct
Russia
96%
Canada
92%
Brazil
88%
Italy
88%
China
84%
Iceland
84%
United States
84%
Germany
80%
India
80%
Japan
80%
Mexico
80%
Spain
80%
Australia
76%
Finland
76%
France
76%
Iran
76%
Iraq
76%
Ireland
76%
North Korea
76%
Portugal
76%
United Kingdom
76%
Austria
72%
Chile
72%
Egypt
72%
Greece
72%
South Korea
72%
Sweden
72%
Albania
68%
Jordan
68%
New Zealand
68%
Norway
68%
Poland
68%
Algeria
64%
Argentina
64%
Belgium
64%
Denmark
64%
Madagascar
64%
Netherlands
64%
Niger
64%
Oman
64%
Peru
64%
South Africa
64%
Sudan
64%
Turkey
64%
Ukraine
64%
Angola
60%
Belarus
60%
Chad
60%
Cuba
60%
Ethiopia
60%
Haiti
60%
Indonesia
60%
Libya
60%
Mongolia
60%
Nepal
60%
Nigeria
60%
Pakistan
60%
Saudi Arabia
60%
Afghanistan
56%
Costa Rica
56%
Czech Republic
56%
Israel
56%
Somalia
56%
Switzerland
56%
Vietnam
56%
Yemen
56%
Azerbaijan
52%
Bahamas
52%
Bangladesh
52%
Bolivia
52%
Bulgaria
52%
Croatia
52%
Ecuador
52%
Estonia
52%
Fiji
52%
Honduras
52%
Hungary
52%
Jamaica
52%
Kenya
52%
Lithuania
52%
Mali
52%
Panama
52%
Philippines
52%
Qatar
52%
Romania
52%
Serbia
52%
Slovakia
52%
Slovenia
52%
Tanzania
52%
Thailand
52%
Togo
52%
Andorra
48%
Armenia
48%
Belize
48%
Benin
48%
Cambodia
48%
Cameroon
48%
Colombia
48%
Dominica
48%
Ghana
48%
Laos
48%
Latvia
48%
Liberia
48%
Monaco
48%
Morocco
48%
Nicaragua
48%
Senegal
48%
South Sudan
48%
Tonga
48%
Tunisia
48%
Turkmenistan
48%
Uzbekistan
48%
Venezuela
48%
Zimbabwe
48%
Barbados
44%
Cape Verde
44%
Eritrea
44%
Gabon
44%
Gambia
44%
Guatemala
44%
Ivory Coast
44%
Lebanon
44%
Luxembourg
44%
Malaysia
44%
Malta
44%
Namibia
44%
North Macedonia
44%
Paraguay
44%
Rwanda
44%
Samoa
44%
Syria
44%
Zambia
44%
Antigua and Barbuda
40%
Bahrain
40%
Bhutan
40%
Botswana
40%
Burundi
40%
Comoros
40%
Cyprus
40%
Djibouti
40%
Dominican Republic
40%
El Salvador
40%
Georgia
40%
Guinea
40%
Guyana
40%
Kosovo
40%
Kyrgyzstan
40%
Lesotho
40%
Malawi
40%
Moldova
40%
Mozambique
40%
Myanmar
40%
Palau
40%
San Marino
40%
Uganda
40%
United Arab Emirates
40%
Uruguay
40%
Vatican City
40%
Bosnia and Herzegovina
36%
Brunei
36%
Burkina Faso
36%
Democratic Republic of the Congo
36%
Eswatini
36%
Guinea-Bissau
36%
Kazakhstan
36%
Kiribati
36%
Kuwait
36%
Liechtenstein
36%
Maldives
36%
Marshall Islands
36%
Mauritania
36%
Montenegro
36%
Nauru
36%
Papua New Guinea
36%
Republic of the Congo
36%
Saint Kitts and Nevis
36%
Saint Lucia
36%
Sierra Leone
36%
Singapore
36%
Solomon Islands
36%
Sri Lanka
36%
Suriname
36%
Taiwan
36%
Tajikistan
36%
Tuvalu
36%
Central African Republic
32%
São Tomé and Príncipe
32%
East Timor
32%
Equatorial Guinea
32%
Grenada
32%
Mauritius
32%
Saint Vincent and the Grenadines
32%
Seychelles
32%
Trinidad and Tobago
32%
Vanuatu
32%
Federated States of Micronesia
28%
No matching quizzes found
Score Distribution
Percent of People with Each Score
Percentile by Number Answered
Your Score History
You have not taken this quiz